ბათუმის შოთა რუსთაველის სახელმწიფო უნივერსიტეტის ბიბლიოთეკა

Management & Organisational Behaviour. (ბიბ.ჩანაწერი № 44318)

000 -LEADER
fixed length control field 00700nam a2200241Ia 4500
001 - CONTROL NUMBER
control field 11076
003 - CONTROL NUMBER IDENTIFIER
control field GE_BSU
008 - FIXED-LENGTH DATA ELEMENTS--GENERAL INFORMATION
fixed length control field 181216s||||||||xx |||||||||||||| ||und||
020 ## - INTERNATIONAL STANDARD BOOK NUMBER
International Standard Book Number 9780273792642(alk paper)
040 ## - CATALOGING SOURCE
Transcribing agency GE_BSU
080 ## - UNIVERSAL DECIMAL CLASSIFICATION NUMBER
Universal Decimal Classification number 658
100 ## - MAIN ENTRY--PERSONAL NAME
Personal name MULLINS,LAURIE J WITH GILL CHRISTY.
245 ## - TITLE STATEMENT
Title Management & Organisational Behaviour.
260 ## - PUBLICATION, DISTRIBUTION, ETC.
Place of publication, distribution, etc. Edinburgh.
260 ## - PUBLICATION, DISTRIBUTION, ETC.
Name of publisher, distributor, etc. PEARSON.
260 ## - PUBLICATION, DISTRIBUTION, ETC.
Date of publication, distribution, etc. 2013.
300 ## - PHYSICAL DESCRIPTION
Extent 814p;ill;25cm.
520 ## - SUMMARY, ETC.
Summary, etc. შემოსულია ტემპუსის პროექტით.
653 ## - INDEX TERM--UNCONTROLLED
Uncontrolled term Management & Organisational Behaviour.
653 ## - INDEX TERM--UNCONTROLLED
Uncontrolled term ტემპუსის პროექტით
942 ## - ADDED ENTRY ELEMENTS (KOHA)
Koha item type წიგნი
ეგზემპლარები
Withdrawn status Lost status Damaged status Not for loan Date acquired Barcode Date last seen Price effective from Koha item type
        2018-12-17 35447 2018-12-17 2018-12-17 წიგნი